BIBLIOTECA PODER JUDICIAL
Portal Judicial TDF

Los jueces y la selección de la persona de apoyo : (Registro nro. 6229)

000 -LEADER
fixed length control field 01028nab a22002417a 4500
003 - CONTROL NUMBER IDENTIFIER
control field OSt
005 - DATE AND TIME OF LATEST TRANSACTION
control field 20260126025104.0
008 - FIXED-LENGTH DATA ELEMENTS--GENERAL INFORMATION
fixed length control field 190514b xxu||||| |||| 00| 0 spa d
040 ## - CATALOGING SOURCE
Transcribing agency PJ
100 ## - MAIN ENTRY--PERSONAL NAME
9 (RLIN) 4891
Personal name Bellotti San Martín, Lucas
245 13 - TITLE STATEMENT
Title Los jueces y la selección de la persona de apoyo :
Remainder of title ¿qué prioridad? /
Statement of responsibility, etc Lucas Bellotti San Martin.
300 ## - PHYSICAL DESCRIPTION
Extent p. 80-87
500 ## - GENERAL NOTE
General note Cita: TR LALEY AR/DOC/2672/2024.
505 ## - FORMATTED CONTENTS NOTE
Formatted contents note Sumario: I. El caso.— II. La cuestión en segunda instancia.— III. Conclusión.
505 ## - FORMATTED CONTENTS NOTE
Title Fallo comentado: CCiv. y Com., Necochea ~ 22/02/2024 ~ V. A. L. M. s/ determinación de la capacidad jurídica.
650 #0 - SUBJECT ADDED ENTRY--TOPICAL TERM
9 (RLIN) 967
Topical term or geographic name as entry element DERECHO DE FAMILIA
650 #0 - SUBJECT ADDED ENTRY--TOPICAL TERM
9 (RLIN) 1146
Topical term or geographic name as entry element JUECES
650 #0 - SUBJECT ADDED ENTRY--TOPICAL TERM
9 (RLIN) 2170
Topical term or geographic name as entry element FACULTADES DEL JUEZ
650 #0 - SUBJECT ADDED ENTRY--TOPICAL TERM
9 (RLIN) 2342
Topical term or geographic name as entry element CAPACIDAD
650 #0 - SUBJECT ADDED ENTRY--TOPICAL TERM
9 (RLIN) 1057
Topical term or geographic name as entry element JURISPRUDENCIA APLICABLE
773 0# - HOST ITEM ENTRY
Host Biblionumber 2844
Host Itemnumber 3222
Place, publisher, and date of publication Buenos Aires : AbeledoPerrot, 1989-
Title Derecho de familia. Revista Interdisciplinaria de doctrina y jurisprudencia. Diciembre 2024-VI.
International Standard Book Number 18511201
942 ## - ADDED ENTRY ELEMENTS (KOHA)
Source of classification or shelving scheme
Koha item type Analítica Artículo de Revista

No hay ítems disponibles.

12 de Octubre 789 Ushuaia - Tel:  54(02901)441571
Horario de Atención: 8.00 a 17.00 hs. 
bibliotecaush@justierradelfuego.gov.ar
koha@justierradelfuego.gov.ar
Seguinos en nuestras redes @bibliojustdf 

Con tecnología Koha